Villes de Thaïlande par indicatifs - Statistiques

Statistiques générales
  • Ce quiz a été pris 104 fois
  • Le résultat moyen est 5 sur 71
Statistiques - réponses
Indicatif Ville % Correct
2 Bangkok
96%
76 Phuket
66%
53 Chiang Mai
63%
53 Chiang Rai
39%
35 Ayutthaya
29%
75 Krabi
27%
34 Kanchanaburi
16%
77 Surat Thani (Koh Samui)
16%
42 Udon Thani
14%
44 Buriram
10%
53 Nan
10%
38 Chon Buri
9%
55 Tak
9%
43 Khon Kaen
8%
36 Lopburi
8%
43 Roi Et
6%
55 Sukothai
6%
39 Chantaburi
5%
77 Chumphon
5%
53 Mae Hong Son
5%
44 Nakhon Ratchasima
5%
75 Nakhon Si Thammarat
5%
2 Nontaburi
5%
38 Rayong
5%
39 Trat
5%
74 Hat Yai
4%
54 Lampang
4%
73 Pattani
4%
32 Ratchaburi
4%
74 Songkhla
4%
75 Trang
4%
73 Yala
4%
43 Kalasin
3%
56 Nakhon Sawan
3%
73 Narathiwat
3%
44 Nong Khai
3%
55 Phitsanulok
3%
54 Phrae
3%
45 Sisaket
3%
56 Uthai Thani
3%
35 Ang Thong
1%
38 Chachoengsao
1%
56 Chainat
1%
55 Chaiyaphum
1%
55 Kampaengphet
1%
53 Lampun
1%
43 Maha Sarakham
1%
42 Mukdahan
1%
34 Nakorn Pathom
1%
2 Pathum Thani
1%
77 Ranong
1%
2 Samut Prakan
1%
74 Satun
1%
36 Sing Buri
1%
55 Uttaradit
1%
42 Loei
0%
37 Nakorn Nayok
0%
76 Phangnga
0%
74 Phatthalung
0%
54 Phayao
0%
56 Phetchabun
0%
56 Phichit
0%
37 Prachinburi
0%
32 Prachuap Kiri Khan
0%
42 Sakorn NaKhon
0%
34 Samut Songkhram
0%
36 Saraburi
0%
35 Suphanburi
0%
45 Surin
0%
45 Ubon Ratchantani
0%
45 Yasoton
0%
Aucun quiz correspondant
Distribution des résultats
% des personnes avec chaque résultat
Percentile par nombre de réponses
Votre historique - résultats
Vous n’avez pas pris ce quiz